000 00224 a2200097 4500
020 _a84-329-9421-9
041 _aspa
100 _aM. Caiati - S. Delac - A. Muller
245 _ajuego libre en el jardin de infancia
942 _cBK
999 _c3630
_d3630